-
WILLEY, JOANNG M. & SANDMAN, KATHLEEN M AND WOOD, DOROTHY H
Entry Personal Name
Number of records used in: 1
001 - CONTROL NUMBER
003 - CONTROL NUMBER IDENTIFIER
005 - DATE AND TIME OF LATEST TRANSACTION
- control field:
20251203132538.0
008 - FIXED-LENGTH DATA ELEMENTS
- fixed length control field:
251203|| aca||aabn | a|a d
040 ## - CATALOGING SOURCE
- Original cataloging agency:
JRU
- Transcribing agency:
JRU
100 ## - HEADING--PERSONAL NAME
- Personal name:
WILLEY, JOANNG M. & SANDMAN, KATHLEEN M AND WOOD, DOROTHY H
670 ## - SOURCE DATA FOUND
- Source citation:
Work cat.: (JRU)9019: WILLEY, JOANNG M. & SANDMAN, KATHLEEN M AND WOOD, DOROTHY H. , PRESCOTT'S MICROBIOLOGY [ 12 ED.], 2023